• 首页
  • 本馆介绍
  • 公告通知
  • 最新文献
  • 馆藏检索
  • 电子资源
  • 读者导购
  • 参考咨询
  • 我的图书馆
  • 登录
  • 详细信息显示
  • 放入我的书架
  • 预约/预借图书
  • 作者相关作品
  • 分类相关作品
  • 丛书相关作品
  • 出版社相关作品

书目信息

  • 表格格式
  • 工作单格式
  • 卡片格式
题名:
战后美国第六次经济危机
    
 
作者: ;武汉大学经济系北美经济研究室 编著
分册:  
出版信息: 北京   商务印书馆  1978
页数: 120页
开本: 19cm
丛书名:
单 册:
中图分类: F171.244 , F11
科图分类:
主题词: 经济危机--美国 , 经济危机 , 国际经济关系
电子资源:
ISBN:
000 00774nam0 2200265 450
001 1556988836
005 20150126155005.34
010    @dCNY0.33
091    @a4017.190
100    @a19950714d1978 em y0chiy0110 ea
101 0  @achi
102    @aCN@b110000
105    @ay z 000yy
200 1  @a战后美国第六次经济危机@9zhan hou mei guo di liu ci jing ji wei ji@f武汉大学经济系北美经济研究室编著
210    @a北京@c商务印书馆@d1978
215    @a120页@d19cm
606 0  @a经济危机@y美国
606 0  @a经济危机
606 0  @a国际经济关系
610 0  @a美国经济
690    @aF171.244@v5
690    @aF11@v4
711 02 @a武汉大学经济系北美经济研究室@9wu han da xue jing ji xi bei mei jing ji yan jiu shi@4编著
801  0 @aCN@bTSSF@c20150126
905    @aZUCC@dF11@eJY47
    
    战后美国第六次经济危机/武汉大学经济系北美经济研究室编著.-北京:商务印书馆,1978
    120页;19cm
    
    
    ISBN :CNY0.33
    
●
相关链接 在E读中查询图书 在五车中查询图书 在当当中查询图书 在豆瓣中查询图书


正题名:战后美国第六次经济危机     索取号:F11/JY47         预约/预借

序号 登录号 条形码 馆藏地/架位号 状态 备注
1 7838044   278380440   学院路分馆/ [索取号:F11/JY47] 在馆    
唐山师范学院图书馆 欢迎您!
大连网信软件有限公司© 版权所有